Estatísticas para Lesoto

Clique aqui para jogar o quiz

Estatísticas Gerais

  • Esse quiz foi jogado 6 vezes
  • A pontuação média é 4 de 10

Estatísticas das Respostas

HintResposta% Correto
Onde fica?África
100%
Qual é a sua religião?Cristianismo
100%
De que país é independente?Reino Unido
100%
Qual é a sua principal fonte económica?Agricultura
67%
Qual é a sua capital?Maseru
33%
Qual é a doença mais exigente no país?HIV
17%
Qual é a sua moeda?Loti
17%
Qual é o seu instrumento musical tradicional?Lekolulo
0%
Que nome é dado às suas casas?Mokhoro
0%
Qual é o seu ponto mais alto?Thabana Ntlenyana
0%

Distribuição das Pontuações

Percentil de Números Respondidos

Porcentagem de Pessoas com Cada Pontuação

Sua Pontuação Histórica

Você não jogou esse quiz